Statystyki dla Powiaty w Lubelskim

Kliknij tutaj aby rozwiązać quiz!

Ogólne statystyki

  • Ten quiz został rozwiązany 81 razy
  • Średni wynik to 16 z 23

Statystyki odpowiedzi

Powiaty% Poprawnych
lubelski
93%
Chełm
89%
Lublin
89%
zamojski
89%
Zamość
89%
chełmski
84%
puławski
80%
Biała Podlaska
75%
bialski
71%
hrubieszowski
71%
kraśnicki
70%
biłgorajski
63%
łęczyński
59%
łukowski
59%
rycki
59%
włodawski
59%
lubartowski
57%
radzyński
57%
opolski
55%
parczewski
55%
tomaszowski
55%
świdnicki
54%
krasnostawski
48%

Rozkład punktacji

Percentyl według liczby udzielonych odpowiedzi

Procent ludzi z każdym wynikiem

Twoja historia wyników

Nie rozwiązałeś tego quizu